Harbour Dock and Tunnel Engineering (Record no. 223712)

MARC details
000 -LEADER
fixed length control field 00467nam a2200193Ia 4500
008 - FIXED-LENGTH DATA ELEMENTS--GENERAL INFORMATION
fixed length control field 240823s9999||||xx |||||||||||||| ||und||
020 ## - INTERNATIONAL STANDARD BOOK NUMBER
International Standard Book Number 978-93-80358-74-1
082 ## - DEWEY DECIMAL CLASSIFICATION NUMBER
-- 624.193 Q2
100 ## - MAIN ENTRY--PERSONAL NAME
Personal name Srinivasan R
245 #0 - TITLE STATEMENT
Title Harbour Dock and Tunnel Engineering
250 ## - EDITION STATEMENT
Edition statement 25th
260 ## - PUBLICATION, DISTRIBUTION, ETC. (IMPRINT)
Date of publication, distribution, etc 2012
Name of publisher, distributor, etc "Charotar Book Stall,India"
500 ## - GENERAL NOTE
General note YES
650 ## - SUBJECT ADDED ENTRY--TOPICAL TERM
Topical term or geographic name as entry element Harbour
942 ## - ADDED ENTRY ELEMENTS (KOHA)
Item type Books
Holdings
Withdrawn status Lost status Damaged status Permanent location Current location Shelving location Date acquired Source of acquisition Cost, normal purchase price Full call number Barcode Date last seen Koha item type
      CENTRAL LIBRARY, NOORUL ISLAM CENTRE FOR HIGHER EDUCATION CENTRAL LIBRARY, NOORUL ISLAM CENTRE FOR HIGHER EDUCATION   10/27/2015 TBH Library Book Suppliers 110.00 624.193 Q2 72600 08/23/2024 Books
Visitors:
Copyright © 2024 Central Library NICHE.  All rights reserved.